000 00439nam a2200181Ia 4500
001 18160
005 20260306171610.0
008 260306s9999||||xx |||||||||||||| ||und||
041 _aESP
082 _a658.4012
_bO83
100 _aOster, Sharon M.
_eAUT
245 0 _aAnálisis moderno de la competitividad
260 _c2000
300 _axi, 495 páginas :
_c23 cm.
650 _aGEN
654 _aCAN
942 _cLIB
_dJUS
_fJUS
_2ddc
_n
999 _c18160
_d18160